000 00707na a2200241 4500
001 23189
003 MIRAKIL
005 20181213155213.0
008 170803b tu 000 0
020 _a9789752551107
040 _aMilas
_btur
_cTR-AnCHP
041 _atur
100 _aKoçal, Yakup Bilgin
245 _aKüreselden yerele geleceğin inşası
_cYakup Bilgin Koçal
260 _aİstanbul
_bİQ Kültür Sanat yayıncılık
_c2007
300 _a192 s.
440 _aİQ Kültür Sanat yayıncılık
_v214
490 _aAraştırma - İnceleme dizisi
_v172
500 _aYapıt yazarından imzalıdır.
500 _aGEÇİCİ KATALOG KAYDIDIR.
942 _2ddc
_cBKS
999 _c8443
_d8443